书目信息 |
| 题名: |
室内设计基础
|
|
| 作者: | 和田浩一 , 富樫优子 , 小川由佳利 著 ;朱波 译 | |
| 分册: | ||
| 出版信息: | 北京 中国青年出版社 2014.1 |
|
| 页数: | 198页 | |
| 开本: | 26cm | |
| 丛书名: | ||
| 单 册: | ||
| 中图分类: | TU238.2 | |
| 科图分类: | ||
| 主题词: | 室内装饰设计--教材 , 室内装饰设计 | |
| 电子资源: | ||
| ISBN: | 978-7-5153-2103-5 | |
| 000 | 01303nam0 2200337 450 | |
| 001 | 0400002571 | |
| 005 | 20171021112815.0 | |
| 010 | @a978-7-5153-2103-5@dCNY65.80 | |
| 090 | @aTU22@bhth | |
| 100 | @a20140429e20172014em y0chiy50 ea | |
| 101 | 1 | @achi@cjpn |
| 102 | @aCN@b110000 | |
| 105 | @aa z 001yy | |
| 106 | @ar | |
| 200 | 1 | @a室内设计基础@9shi nei she ji ji chu@dThe basis of interior design@f(日)和田浩一,(日)富樫优子,(日)小川由佳利著@g朱波[等]译@zeng |
| 210 | @a北京@c中国青年出版社@d2014.1@h2017.5 | |
| 215 | @a198页@c图@d26cm | |
| 300 | @a国际环境设计精品教程 | |
| 304 | @a译者还有:万劲、蓝志军、秦瑞琪 | |
| 305 | @aX-Knowledge出版社授权 | |
| 330 | @a本书是作者拥有20多年的室内设计的实践与研究经验,重点对室内诸多元素进行了分析,从而提炼出室内元素中的“核心”内容,由此罗列出设计师掌握“定制空间”关键要领,并拟人式地将设计方法分成“六感精髓”,即人类五个感官和第六设计感。 | |
| 510 | 1 | @aBasis of interior design@zeng |
| 606 | 0 | @a室内装饰设计@j教材 |
| 606 | 0 | @a室内装饰设计 |
| 690 | @aTU238.2@v5 | |
| 701 | 0 | @c(日)@a和田浩一@9he tian hao yi@4著 |
| 701 | 0 | @c(日)@a富樫优子@9fu jian you zi@4著 |
| 701 | 0 | @c(日)@a小川由佳利@9xiao chuan you jia li@4著 |
| 702 | 0 | @a朱波@9zhu bo@4译 |
| 801 | 0 | @aCN@bNLC@c20171021 |
| 905 | @b1021888-92@dTU238.2@f5@e1014 | |
| 室内设计基础=The basis of interior design/(日)和田浩一,(日)富樫优子,(日)小川由佳利著/朱波[等]译.-北京:中国青年出版社,2014.1(2017.5) |
| 198页:图;26cm |
| 国际环境设计精品教程 |
| ISBN 978-7-5153-2103-5:CNY65.80 |
| 本书是作者拥有20多年的室内设计的实践与研究经验,重点对室内诸多元素进行了分析,从而提炼出室内元素中的“核心”内容,由此罗列出设计师掌握“定制空间”关键要领,并拟人式地将设计方法分成“六感精髓”,即人类五个感官和第六设计感。 |
| ● |
| 相关链接 |
|
|
|
|
正题名:室内设计基础
索取号:TU238.2/1014
 
预约/预借
| 序号 | 登录号 | 条形码 | 馆藏地/架位号 | 状态 | 备注 |
| 1 | 1021888 | 210218888 | 第二样本阅览室/ [索取号:TU238.2/1014] | 在馆 | |
| 2 | 1021889 | 210218897 | 密集书库-生命科学系/ [索取号:TU238.2/1014] | 在馆 | |
| 3 | 1021890 | 210218904 | 第三借阅区/ [索取号:TU238.2/1014] | 在馆 | |
| 4 | 1021891 | 210218913 | 第三借阅区/ [索取号:TU238.2/1014] | 在馆 | |
| 5 | 1021892 | 210218922 | 第三借阅区/ [索取号:TU238.2/1014] | 在馆 |